Guide to improving the evidence base supporting regional economic and spatial strategies (Record no. 104628)

MARC details
000 -LEADER
fixed length control field 01514cam a2200193 4500
001 - CONTROL NUMBER
control field L131075
008 - FIXED-LENGTH DATA ELEMENTS--GENERAL INFORMATION
fixed length control field 050926n2005 000 0 eng u
035 ## - SYSTEM CONTROL NUMBER
System control number (Sirsi) u131075
041 0# - LANGUAGE CODE
Language code of text/sound track or separate title eng
110 1# - MAIN ENTRY--CORPORATE NAME
Corporate name or jurisdiction name as entry element United Kingdom
Subordinate unit Office of the Deputy Prime Minister
245 ## - TITLE STATEMENT
Title Guide to improving the evidence base supporting regional economic and spatial strategies
Medium [electronic resource]
260 ## - PUBLICATION, DISTRIBUTION, ETC.
Place of publication, distribution, etc. London
Name of publisher, distributor, etc. ODPM
Date of publication, distribution, etc. 2005
520 ## - SUMMARY, ETC.
Summary, etc. This ODPM guidance document aims to improve the use of economic evidence by Regional Planning Bodies (RPBs) and Regional Development Agencies (RDAs) in the preparation of Regional Spatial Strategies (RSSs) and the spatial components of regional economic strategies (RESs). It advises on how RPBs and RDAs can strengthen the evidence base to enable them to develop and justify more robust and regionally distinctive policies and strategies for regional development. It reflects the importance government attaches to the need for plans and policies to be properly based on analysis and evidence. It supports the policies in PPS11 and other statements of government planning policy and is supplementary to the RDA guidance on regional strategies.
590 ## - LOCAL NOTE (RLIN)
Local note IKA270905
650 ## - SUBJECT ADDED ENTRY--TOPICAL TERM
Topical term or geographic name entry element PLANNING POLICY STATEMENT 11
690 ## - LOCAL SUBJECT ADDED ENTRY--TOPICAL TERM (OCLC, RLIN)
Topical term or geographic name as entry element ENVIRONMENTAL AND LAND CONSULTANCY-PLANNING AND DEVELOPMENT-STRATEGIC PLANNING
856 40 - ELECTRONIC LOCATION AND ACCESS
Uniform Resource Identifier <a href="https://www.communities.gov.uk/documents/planningandbuilding/pdf/325633.pdf">https://www.communities.gov.uk/documents/planningandbuilding/pdf/325633.pdf</a>
Public note View the guidance note free of charge at www.communities.gov.uk
942 ## - ADDED ENTRY ELEMENTS (KOHA)
Suppress in OPAC 0
Holdings
Withdrawn status Lost status Source of classification or shelving scheme Damaged status Not for loan Home library Current library Shelving location Date acquired Total Checkouts Full call number Barcode Date last seen Copy number Price effective from Koha item type
    Dewey Decimal Classification     Virtual Virtual Online 26/09/2005   ONLINE PUBLICATION 131075-2001 06/08/2019 1 06/08/2019 Book